Every Track From Forza Motorsport - Statistics

General Stats
  • This quiz has been taken 66 times
  • The average score is 27 of 57
Answer Stats
Games Featured In Country Answer % Correct
FM6-FM7 ITA Autodromo Nazionale Monza
93%
FM2-FM4, FM7- JPN Suzuka Circuit
91%
FM1-FM7 DEU Nurburgring
89%
FM3-FM4 DEU Nurburgring GP
89%
FM1- GBR Silverstone
89%
FM5- BEL Circuit de Spa-Francorchamps
80%
FM4, FM6- DEU Hockenheimring
78%
FM2-FM4, FM7- ITA Mugello Autodromo Internazionale
78%
FM6-FM7 USA Circuit of the Americas
72%
FM6-FM7 GBR Brands Hatch
70%
FM3- FRA Le Mans Circuit de la Sarthe
70%
FM1, FM3- USA Road America
70%
FM1- USA WeatherTech Raceway Laguna Seca
70%
FM1-FM7 USA Road Atlanta
67%
FM6- USA Daytona International Speedway
65%
FM4- USA Indianapolis Motor Speedway
61%
FM5-FM7 AUS Mount Panorama Circuit
59%
FM6- USA Watkins Glen International
59%
FM3- ESP Circuit de Barcelona-Catalunya
54%
FM5-FM7 CZE Prague
54%
FM2-FM7 USA Sebring International Raceway
54%
FM23 ZAF Kyalami Grand Prix Circuit
52%
FM2-FM4 JPN Twin Ring Motegi
50%
FM6- USA Virginia International Raceway
50%
FM5-FM7 USA Long Beach
48%
FM1, FM6-FM7 BRA Rio de Janeiro
48%
FM6-FM7 USA Sonoma Raceway
48%
FM5- ARE Yas Marina Circuit
48%
FM6- USA Lime Rock Park
46%
FM1-FM4 JPN Tsukuba Circuit
46%
FM1-FM4, FM7- USA Maple Valley Raceway
43%
FM7 ARE Dubai
41%
FM23 USA Mid-Ohio Sports Car Course
37%
FM4-FM7 CHE Bernese Alps
35%
FM1, FM3-FM4 JPN Fujimi Kaido
35%
FM6- USA Homestead-Miami Speedway
35%
FM1-FM3 USA New York Circuit
35%
FM3-FM4 USA Sedona Raceway Park
35%
FM1-FM4 USA Sunset Peninsula Raceway
35%
FM4-FM7 GBR Top Gear Test Track
35%
FM3-FM4 ESP Camino Viejo de Montserrat
28%
FM23 JPN Hakone Circuit
28%
FM3 ITA Amalfi Coast
26%
FM23 USA Eagle Rock Speedway
26%
FM1 JPN Tokyo Circuit
26%
FM23 USA Grand Oak Raceway
24%
FM4 USA Infineon Raceway
24%
FM3-FM4 ESP Ladera Test Track
24%
FM1-FM2, FM4-FM7 USA Test Track
24%
FM3-FM4 ESP Iberian International Circuit
22%
FM3-FM4 ITA Rally di Positano
20%
FM3-FM4 USA Benchmark High Speed Ring
17%
FM1 AUS Blue Mountains Raceway
15%
FM1 - Pacific Shipyards
15%
FM3 ITA Sidewinder Proving Grounds
15%
FM2 USA Nissan Speedway
13%
FM1 ITA Alpine Ring
9%
No matching quizzes found
Score Distribution
Percent of People with Each Score
Percentile by Number Answered
Your Score History
You have not taken this quiz